000 00488nam a2200169Ia 4500
003 GCL
008 140319s9999 xx 000 0 ara d
040 _aGCL /
_cGCL
082 0 4 _a922.1
_bع ع
100 1 _aعبدالحميد جودة السحار
245 1 0 _aعمر بن عبدالعزيز /
_cعبدالحميد جودة السحار
300 _a207
490 _aكتاب
_v0
650 0 4 _aالتاريخ الاسلامى
650 0 4 _aاعلام العرب
942 _2ddc
_cBK
999 _c42542
_d42542